Εικοσαετία, 1971-1991

Αποθηκεύτηκε σε:
Λεπτομέρειες βιβλιογραφικής εγγραφής
Συγγραφή απο Οργανισμό/Αρχή: Εταιρεία Μελέτης Νέου Ελληνισμού
Μορφή: Βιβλίο
Γλώσσα:Greek
Δημοσίευση: Αθήνα : Εταιρεία Μελέτης Νέου Ελληνισμού, 1992
Θέματα:
Ετικέτες: Προσθήκη ετικέτας
Δεν υπάρχουν, Καταχωρήστε ετικέτα πρώτοι!

MARC

LEADER 00000nam a2200000 i 4500
001 1/102760
008 950509s1992 gre d
020 |a 960-7089-03-0 
035 |l 10012631 
040 |a GR-MY-UA  |b gre  |e aacr 
041 0 |a gre 
082 0 |a 060.9495 
110 2 |a Εταιρεία Μελέτης Νέου Ελληνισμού. 
245 1 0 |a Εικοσαετία, 1971-1991 /  |c Εταιρεία Μελέτης Νέου Ελληνισμού 
260 |a Αθήνα :   |b Εταιρεία Μελέτης Νέου Ελληνισμού,   |c 1992 
300 |a 90 σ. 
610 2 0 |a Εταιρεία Μελέτης Νέου Ελληνισμού. 
650 0 0 |a Associations, institutions, etc. 
852 |a INST  |b LESVOS  |e 19950509  |h 060.9495 EIK  |p 005100001151  |q 005100001151  |t BK  |y 0 
852 |a INST  |b LESVOS  |e 19950509  |h 060.9495 EIK  |p 005100001152  |q 005100001152  |t BK  |y 0 
909 |a Λ  |b 023081 
922 |a 1ΔΩΡ  |b 199204